Microsoft SQL server 7.0: administrator's guide. / (Record no. 6557)
[ view plain ]
| 000 -LEADER | |
|---|---|
| fixed length control field | 01239nam a22001817a 4500 |
| 003 - CONTROL NUMBER IDENTIFIER | |
| control field | OSt |
| 005 - DATE AND TIME OF LATEST TRANSACTION | |
| control field | 20210414114559.0 |
| 008 - FIXED-LENGTH DATA ELEMENTS--GENERAL INFORMATION | |
| fixed length control field | 180416b xxu||||| |||| 00| 0 eng d |
| 020 ## - INTERNATIONAL STANDARD BOOK NUMBER | |
| International Standard Book Number | 0761513892 |
| 050 ## - LIBRARY OF CONGRESS CALL NUMBER | |
| Classification number | QA76.9.C55 T35 |
| 100 ## - MAIN ENTRY--PERSONAL NAME | |
| Personal name | Talmage, Roland R. |
| 245 ## - TITLE STATEMENT | |
| Title | Microsoft SQL server 7.0: administrator's guide. / |
| Statement of responsibility, etc. | Ronald R. Talmage. |
| 260 ## - PUBLICATION, DISTRIBUTION, ETC. | |
| Place of publication, distribution, etc. | California : |
| Name of publisher, distributor, etc. | Prima Publishing, |
| Date of publication, distribution, etc. | 1999. |
| 300 ## - PHYSICAL DESCRIPTION | |
| Extent | xxiv, 770p. : |
| Other physical details | ill. ; |
| Dimensions | 24cm. |
| 500 ## - GENERAL NOTE | |
| General note | Include appendixes and index. |
| 505 ## - FORMATTED CONTENTS NOTE | |
| Formatted contents note | Contents: Part 1: SQL server 7.0 overview: 1. Background -- 2. Architecture -- Part 2: Setting up SQL server 7.0: 3. Installing -- 4. Upgrading -- 5. Configuring -- 6. Connectivity -- Part 3: Administration: 7. Managing databases -- 8.Backup and restore -- 9. Security -- 10. Importing and exporting -- 11. SQL server agent -- Part 4: Managing data: 12. Data definition -- 13. Data manipulation -- 14. English query -- 15. Basics of transact-SQL programming -- 16. Transactions -- 17. Stored procedures -- 18. Triggers -- Part 5: Performance: 19. Tuning queries -- 20. Concurrency tools -- 21. Profiler -- 22. Database load testing -- Part 6: Intergration: 23. Distribution data -- 24. Replication -- 25. OLAP services. |
| 942 ## - ADDED ENTRY ELEMENTS (KOHA) | |
| Source of classification or shelving scheme | Library of Congress Classification |
| Koha item type | Books |
| Withdrawn status | Lost status | Source of classification or shelving scheme | Damaged status | Not for loan | Home library | Current library | Shelving location | Date acquired | Total Checkouts | Full call number | Barcode | Date last seen | Copy number | Price effective from | Koha item type |
|---|---|---|---|---|---|---|---|---|---|---|---|---|---|---|---|
| Library of Congress Classification | WISCONSIN INTERNATIONAL UNIVERSITY COLLEGE, GHANA - MAIN LIBRARY | WISCONSIN INTERNATIONAL UNIVERSITY COLLEGE, GHANA - MAIN LIBRARY | Reference | 16/04/2018 | QA76.9.C55T35 | 8197/015/18 | 16/04/2018 | 1 | 16/04/2018 | Books |
